<?xml version="1.0" encoding="UTF-8"?>
<record
    xmlns:xsi="http://www.w3.org/2001/XMLSchema-instance"
    xsi:schemaLocation="http://www.loc.gov/MARC21/slim http://www.loc.gov/standards/marcxml/schema/MARC21slim.xsd"
    xmlns="http://www.loc.gov/MARC21/slim">

  <leader>00330nam a22001457a 4500</leader>
  <controlfield tag="003">SGT</controlfield>
  <datafield tag="020" ind1=" " ind2=" ">
    <subfield code="a">9789366969992</subfield>
  </datafield>
  <datafield tag="082" ind1=" " ind2=" ">
    <subfield code="a">345.06</subfield>
    <subfield code="b">SUD</subfield>
  </datafield>
  <datafield tag="100" ind1=" " ind2=" ">
    <subfield code="a">SUDHAKAR K </subfield>
  </datafield>
  <datafield tag="245" ind1=" " ind2=" ">
    <subfield code="a">COMMENTARY ON BHARATIYA SAKSHYA ADHINIYAM 2023</subfield>
  </datafield>
  <datafield tag="250" ind1=" " ind2=" ">
    <subfield code="a">4</subfield>
  </datafield>
  <datafield tag="260" ind1=" " ind2=" ">
    <subfield code="a">HYDERABAD</subfield>
    <subfield code="b">ASIA LAW HOUSE</subfield>
    <subfield code="c">2026</subfield>
  </datafield>
  <datafield tag="300" ind1=" " ind2=" ">
    <subfield code="a">200</subfield>
  </datafield>
  <datafield tag="942" ind1=" " ind2=" ">
    <subfield code="2">ddc</subfield>
    <subfield code="c">BK</subfield>
  </datafield>
  <datafield tag="952" ind1=" " ind2=" ">
    <subfield code="0">0</subfield>
    <subfield code="1">0</subfield>
    <subfield code="2">ddc</subfield>
    <subfield code="4">0</subfield>
    <subfield code="7">1</subfield>
    <subfield code="8">LAW</subfield>
    <subfield code="a">SSSL</subfield>
    <subfield code="b">SSSL</subfield>
    <subfield code="c">REF</subfield>
    <subfield code="d">2026-03-24</subfield>
    <subfield code="e">ZAFFA BOOKS</subfield>
    <subfield code="g">360.00</subfield>
    <subfield code="i">SGTU</subfield>
    <subfield code="o">345.06 SUD</subfield>
    <subfield code="p">FL4190</subfield>
    <subfield code="r">2026-03-24 00:00:00</subfield>
    <subfield code="w">2026-03-11</subfield>
    <subfield code="y">BK</subfield>
    <subfield code="k">ZBD0484</subfield>
  </datafield>
  <datafield tag="952" ind1=" " ind2=" ">
    <subfield code="0">0</subfield>
    <subfield code="1">0</subfield>
    <subfield code="2">ddc</subfield>
    <subfield code="4">0</subfield>
    <subfield code="7">0</subfield>
    <subfield code="8">LAW</subfield>
    <subfield code="a">SSSL</subfield>
    <subfield code="b">SSSL</subfield>
    <subfield code="c">TXT</subfield>
    <subfield code="d">2026-03-24</subfield>
    <subfield code="e">ZAFFA BOOKS</subfield>
    <subfield code="g">360.00</subfield>
    <subfield code="i">SGTU</subfield>
    <subfield code="l">0</subfield>
    <subfield code="o">345.06 SUD</subfield>
    <subfield code="p">FL4191</subfield>
    <subfield code="r">2026-03-24 00:00:00</subfield>
    <subfield code="w">2026-03-11</subfield>
    <subfield code="y">BK</subfield>
    <subfield code="k">ZBD0484</subfield>
  </datafield>
  <datafield tag="952" ind1=" " ind2=" ">
    <subfield code="0">0</subfield>
    <subfield code="1">0</subfield>
    <subfield code="2">ddc</subfield>
    <subfield code="4">0</subfield>
    <subfield code="7">0</subfield>
    <subfield code="8">LAW</subfield>
    <subfield code="a">SSSL</subfield>
    <subfield code="b">SSSL</subfield>
    <subfield code="c">TXT</subfield>
    <subfield code="d">2026-03-24</subfield>
    <subfield code="e">ZAFFA BOOKS</subfield>
    <subfield code="g">360.00</subfield>
    <subfield code="i">SGTU</subfield>
    <subfield code="l">0</subfield>
    <subfield code="o">345.06 SUD</subfield>
    <subfield code="p">FL4192</subfield>
    <subfield code="r">2026-03-24 00:00:00</subfield>
    <subfield code="w">2026-03-11</subfield>
    <subfield code="y">BK</subfield>
    <subfield code="k">ZBD0484</subfield>
  </datafield>
  <datafield tag="952" ind1=" " ind2=" ">
    <subfield code="0">0</subfield>
    <subfield code="1">0</subfield>
    <subfield code="2">ddc</subfield>
    <subfield code="4">0</subfield>
    <subfield code="7">0</subfield>
    <subfield code="8">LAW</subfield>
    <subfield code="a">SSSL</subfield>
    <subfield code="b">SSSL</subfield>
    <subfield code="c">TXT</subfield>
    <subfield code="d">2026-03-24</subfield>
    <subfield code="e">ZAFFA BOOKS</subfield>
    <subfield code="g">360.00</subfield>
    <subfield code="i">SGTU</subfield>
    <subfield code="l">0</subfield>
    <subfield code="o">345.06 SUD</subfield>
    <subfield code="p">FL4193</subfield>
    <subfield code="r">2026-03-24 00:00:00</subfield>
    <subfield code="w">2026-03-11</subfield>
    <subfield code="y">BK</subfield>
    <subfield code="k">ZBD0484</subfield>
  </datafield>
  <datafield tag="952" ind1=" " ind2=" ">
    <subfield code="0">0</subfield>
    <subfield code="1">0</subfield>
    <subfield code="2">ddc</subfield>
    <subfield code="4">0</subfield>
    <subfield code="7">0</subfield>
    <subfield code="8">LAW</subfield>
    <subfield code="a">SSSL</subfield>
    <subfield code="b">SSSL</subfield>
    <subfield code="c">TXT</subfield>
    <subfield code="d">2026-03-24</subfield>
    <subfield code="e">ZAFFA BOOKS</subfield>
    <subfield code="g">360.00</subfield>
    <subfield code="i">SGTU</subfield>
    <subfield code="l">0</subfield>
    <subfield code="o">345.06 SUD</subfield>
    <subfield code="p">FL4194</subfield>
    <subfield code="r">2026-03-24 00:00:00</subfield>
    <subfield code="w">2026-03-11</subfield>
    <subfield code="y">BK</subfield>
    <subfield code="k">ZBD0484</subfield>
  </datafield>
  <datafield tag="952" ind1=" " ind2=" ">
    <subfield code="0">0</subfield>
    <subfield code="1">0</subfield>
    <subfield code="2">ddc</subfield>
    <subfield code="4">0</subfield>
    <subfield code="7">0</subfield>
    <subfield code="8">LAW</subfield>
    <subfield code="a">SSSL</subfield>
    <subfield code="b">SSSL</subfield>
    <subfield code="c">TXT</subfield>
    <subfield code="d">2026-03-24</subfield>
    <subfield code="e">ZAFFA BOOKS</subfield>
    <subfield code="g">360.00</subfield>
    <subfield code="i">SGTU</subfield>
    <subfield code="l">0</subfield>
    <subfield code="o">345.06 SUD</subfield>
    <subfield code="p">FL4195</subfield>
    <subfield code="r">2026-03-24 00:00:00</subfield>
    <subfield code="w">2026-03-11</subfield>
    <subfield code="y">BK</subfield>
    <subfield code="k">ZBD0484</subfield>
  </datafield>
  <datafield tag="952" ind1=" " ind2=" ">
    <subfield code="0">0</subfield>
    <subfield code="1">0</subfield>
    <subfield code="2">ddc</subfield>
    <subfield code="4">0</subfield>
    <subfield code="7">0</subfield>
    <subfield code="8">LAW</subfield>
    <subfield code="a">SSSL</subfield>
    <subfield code="b">SSSL</subfield>
    <subfield code="c">TXT</subfield>
    <subfield code="d">2026-03-24</subfield>
    <subfield code="e">ZAFFA BOOKS</subfield>
    <subfield code="g">360.00</subfield>
    <subfield code="i">SGTU</subfield>
    <subfield code="l">0</subfield>
    <subfield code="o">345.06 SUD</subfield>
    <subfield code="p">FL4196</subfield>
    <subfield code="r">2026-03-24 00:00:00</subfield>
    <subfield code="w">2026-03-11</subfield>
    <subfield code="y">BK</subfield>
    <subfield code="k">ZBD0484</subfield>
  </datafield>
  <datafield tag="999" ind1=" " ind2=" ">
    <subfield code="c">34429</subfield>
    <subfield code="d">34429</subfield>
  </datafield>
</record>
